000 00682nam a2200229Ia 4500
003 GCL
008 140319s9999 xx 000 0 ara d
040 _aGCL /
_cGCL
082 0 4 _a811.9
_bا د
100 1 _aابوالقاسم محمد كرو
245 1 0 _aدراسات عن الشابى /
_cابوالقاسم محمد كرو
260 _aبيروت :
_bالدار العربية للكتاب ،
_c1984
300 _a272 ص
490 _a
650 0 4 _aالادب العربى
650 0 4 _aالادب
650 0 4 _aالادباء
650 0 4 _aالشعراء
650 0 4 _aالشابى
650 0 4 _aالادب العربى - تاريخ ونقد
942 _2ddc
_cBK
999 _c42285
_d42285